The Collected Plays of Edward Albee : (Record no. 16923)
[ view plain ]
| 000 -LEADER | |
|---|---|
| fixed length control field | 02233cam a2200325 a 4500 |
| 001 - CONTROL NUMBER | |
| control field | 13837307 |
| 003 - CONTROL NUMBER IDENTIFIER | |
| control field | EG-ScBUE |
| 005 - DATE AND TIME OF LATEST TRANSACTION | |
| control field | 20201102104440.0 |
| 008 - FIXED-LENGTH DATA ELEMENTS--GENERAL INFORMATION | |
| fixed length control field | 050110r20072004nyu f 000 0 eng d |
| 020 ## - INTERNATIONAL STANDARD BOOK NUMBER | |
| International Standard Book Number | 9781585678846 |
| 020 ## - INTERNATIONAL STANDARD BOOK NUMBER | |
| International Standard Book Number | 9780715637418 |
| 040 ## - CATALOGING SOURCE | |
| Original cataloging agency | BOS |
| Language of cataloging | eng |
| Description conventions | rda |
| Transcribing agency | BOS |
| Modifying agency | QBX |
| -- | DLC |
| -- | EG-ScBUE |
| 043 ## - GEOGRAPHIC AREA CODE | |
| Geographic area code | n-us--- |
| 082 04 - DEWEY DECIMAL CLASSIFICATION NUMBER | |
| Classification number | 812.54 |
| Item number | ALB |
| Edition number | 22 |
| 100 1# - MAIN ENTRY--PERSONAL NAME | |
| Personal name | Albee, Edward, |
| Dates associated with a name | 1928- |
| Relator term | author. |
| 9 (RLIN) | 30800 |
| 245 14 - TITLE STATEMENT | |
| Title | The Collected Plays of Edward Albee : |
| Remainder of title | 1958-65 : the zoo story, the death of bessie smith, the sandbox, the american dream, who's afraid of Virginia woolf, the ballad of the sad cafe, tiny alice, Malcolm. |
| 250 ## - EDITION STATEMENT | |
| Edition statement | Reprinted edition. |
| 264 #1 - PUBLICATION, DISTRIBUTION, ETC. (IMPRINT) | |
| Place of publication, distribution, etc | New York ; |
| -- | London : |
| Name of publisher, distributor, etc | Overlook Duckworth, |
| Date of publication, distribution, etc | 2007. |
| 300 ## - PHYSICAL DESCRIPTION | |
| Extent | 637 pages ; |
| Dimensions | 24 cm |
| 336 ## - CONTENT TYPE | |
| Source | rdacontent |
| Content type term | text |
| Content type code | txt |
| 337 ## - MEDIA TYPE | |
| Source | rdamedia |
| Media type term | unmediated |
| Media type code | n |
| 338 ## - CARRIER TYPE | |
| Source | rdacarrier |
| Carrier type term | volume |
| Carrier type code | nc |
| 500 ## - GENERAL NOTE | |
| General note | Vols. 2-3 have imprint: New York : Overlook ; London : Duckworth. |
| 505 1# - FORMATTED CONTENTS NOTE | |
| Formatted contents note | v. 1. 1958-65 : The zoo story ; The death of Bessie Smith ; The sandbox ; The American dream ; Who's afraid of Virginia Woolf? ; The ballad of the sad caf�e ; Tiny Alice ; Malcolm -- v. 2. 1966-77 : A delicate balance ; Everything in the garden ; Box ; Quotations form Chairman Mao Tse-Tung ; All over ; Seascape ; Listening ; Counting the ways ; The lady from Dubuque -- v. 3. 1979-2003 : Lolita ; The man who had three arms ; Finding the sun ; Marriage play ; Three tall women ; Fragments (a sit-around) ; The play about the baby ; The goat, or, Who is Sylvia? ; Occupant ; Knock! Knock! Who's there!? |
| 650 #7 - SUBJECT ADDED ENTRY--TOPICAL TERM | |
| 9 (RLIN) | 10290 |
| Topical term or geographic name as entry element | American drama |
| Chronological subdivision | 20th century. |
| Source of heading or term | BUEsh |
| 653 ## - INDEX TERM--UNCONTROLLED | |
| Arrived date list | August2012 |
| Resource For college | Humanities: English |
| 655 ## - INDEX TERM--GENRE/FORM | |
| Form subdivision | Reading book |
| 9 (RLIN) | 34232 |
| 942 ## - ADDED ENTRY ELEMENTS (KOHA) | |
| Source of classification or shelving scheme | Dewey Decimal Classification |
| Koha item type | Book - Borrowing |
| Withdrawn status | Lost status | Source of classification or shelving scheme | Damaged status | Not for loan | Collection code | Home library | Current library | Shelving location | Date acquired | Source of acquisition | Cost, normal purchase price | Serial Enumeration / chronology | Total Checkouts | Full call number | Barcode | Date last seen | Date checked out | Price effective from | Koha item type |
|---|---|---|---|---|---|---|---|---|---|---|---|---|---|---|---|---|---|---|---|
| Dewey Decimal Classification | Baccah | Central Library | Central Library | Second Floor | 05/08/2012 | 143.00 | 15359 | 1 | 812.54 ALB | 000027044 | 15/07/2025 | 22/11/2022 | 05/08/2012 | Book - Borrowing |